Correct the Lyrics #1 - Statistics

General Stats
  • This quiz has been taken 303 times
  • The average score is 20 of 30
Answer Stats
Hint Answer % Correct
real life
94%
Is this the veal knife? Is this just fantasy? veal knife
89%
Yesterday. All my stubble seemed so far away. stubble
88%
A long long time ago, I can still remember how that music used to make me bile bile
87%
At first I was afraid, I was gentrified. Kept thinkin' I could never live without you by my side gentrified
87%
petrified
87%
night
85%
troubles
82%
When the knight has come, and the land is dark, and the moon is the only light we'll see knight
81%
I'm at a care home trying to call home. All of my change I spent on you care home
75%
smile
75%
payphone
74%
Your Pritt stick stains on the front lobe of my left side brains Pritt stick
72%
If I were Claire Foy, even just for a day Claire Foy
71%
Coming out of my cage, and I've been suing 6ix9ine suing 6ix9ine
69%
doing just fine
66%
lipstick
65%
We were both young when I first saw you. I eat my fries and the flashback starts eat my fries
62%
Tommy used to work in his socks, union's been on strike, he's down on his luck in his socks
62%
Mother's plumbing had me a blast. Mother's plubming happened so fast. Mother's plumbing
62%
You got a glass jar, I want a ticket to anywhere glass jar
61%
Overflowed again. I just can't wait to get overflowed again. Overflowed
61%
on the docks
57%
It's a little bit funny, this Darjeeling I've tried Darjeeling I've tried
56%
a boy
50%
feeling inside
50%
Summer loving
49%
close my eyes
47%
fast car
46%
On the road
31%
No matching quizzes found
Score Distribution
Percent of People with Each Score
Percentile by Number Answered
Your Score History
You have not taken this quiz